Population by Country in 2200 if Population Growth Rates Didn't Change - Statistics

General Stats
  • This quiz has been taken 70 times
  • The average score is 10 of 15
Answer Stats
Population Country % Correct
6.901 Billion India
98%
7.92 Billion Niger
94%
8.719 Billion Nigeria
92%
30.422 Billion Democratic Republic of the Congo
89%
11.69 Billion Ethiopia
77%
10.499 Billion Tanzania
77%
7.497 Billion Angola
74%
5.824 Billion Uganda
74%
6.543 Billion Yemen
62%
6.832 Billion Somalia
60%
5.599 Billion Afghanistan
57%
8.219 Billion Chad
57%
18.724 Billion Syria
40%
5.623 Billion Oman
9%
6.425 Billion Ukraine
6%
No matching quizzes found
Score Distribution
Percent of People with Each Score
Percentile by Number Answered
Your Score History
You have not taken this quiz